000 00498nam a2200193Ia 4500
003 OSt
005 20240516161012.0
008 210210b1916 xxu||||| |||| 00| 0 eng d
040 _cAL
041 _aeng
082 _a954/676
100 _aNIZAMS, (Govt.of)
_9164955
245 _aAnnual report of the archaeological department of his highness the nizams dominions
260 _aCalcutta
_b-
_c1916
300 _a56
690 _aIndian History
_9164964
906 _a002176
942 _2ddc
_cBK
999 _c121112
_d121112